<?xml version="1.0" encoding="UTF-8"?>
<record
    xmlns:xsi="http://www.w3.org/2001/XMLSchema-instance"
    xsi:schemaLocation="http://www.loc.gov/MARC21/slim http://www.loc.gov/standards/marcxml/schema/MARC21slim.xsd"
    xmlns="http://www.loc.gov/MARC21/slim">

  <leader>01924cam a22003731ia4500</leader>
  <controlfield tag="003">SA-RiAUC</controlfield>
  <controlfield tag="005">20250413063946.0</controlfield>
  <controlfield tag="008">250412s1985    ua     g     f00100cara c</controlfield>
  <datafield tag="020" ind1=" " ind2=" ">
    <subfield code="a">9770214515</subfield>
  </datafield>
  <datafield tag="040" ind1=" " ind2=" ">
    <subfield code="a">KW-ShULA</subfield>
    <subfield code="b">ara</subfield>
    <subfield code="c">SA-RiAUC</subfield>
    <subfield code="e">rda</subfield>
  </datafield>
  <datafield tag="050" ind1=" " ind2="4">
    <subfield code="b">I26 1985</subfield>
  </datafield>
  <datafield tag="082" ind1="0" ind2="4">
    <subfield code="a">920.0468</subfield>
    <subfield code="q">SA-RiAUC</subfield>
  </datafield>
  <datafield tag="090" ind1=" " ind2=" ">
    <subfield code="a">920.0468  </subfield>
    <subfield code="b">  &#x627; &#x628; &#x646; &#x627;</subfield>
  </datafield>
  <datafield tag="100" ind1="1" ind2=" ">
    <subfield code="a">&#x627;&#x628;&#x646; &#x627;&#x644;&#x623;&#x628;&#x627;&#x631;&#x60C; &#x645;&#x62D;&#x645;&#x62F; &#x628;&#x646; &#x639;&#x628;&#x62F; &#x627;&#x644;&#x644;&#x647; &#x628;&#x646; &#x623;&#x628;&#x64A; &#x628;&#x643;&#x631;&#x60C;</subfield>
    <subfield code="d">595-658 &#x647;&#x62C;&#x631;&#x64A;</subfield>
    <subfield code="e">&#x645;&#x624;&#x644;&#x641;.</subfield>
  </datafield>
  <datafield tag="245" ind1="1" ind2="0">
    <subfield code="a">&#x643;&#x62A;&#x627;&#x628; &#x627;&#x644;&#x62D;&#x644;&#x629; &#x627;&#x644;&#x633;&#x64A;&#x631;&#x627;&#x621; /</subfield>
    <subfield code="c">&#x644;&#x623;&#x628;&#x64A; &#x639;&#x628;&#x62F; &#x627;&#x644;&#x644;&#x647; &#x645;&#x62D;&#x645;&#x62F; &#x628;&#x646; &#x639;&#x628;&#x62F; &#x627;&#x644;&#x644;&#x647; &#x628;&#x646; &#x623;&#x628;&#x64A; &#x628;&#x643;&#x631; &#x627;&#x644;&#x642;&#x636;&#x627;&#x639;&#x64A; &#x627;&#x644;&#x645;&#x639;&#x631;&#x648;&#x641; &#x628;&#x627;&#x628;&#x646; &#x627;&#x644;&#x623;&#x628;&#x627;&#x631; &#x61B; &#x62D;&#x642;&#x642;&#x647; &#x648;&#x639;&#x644;&#x642; &#x62D;&#x648;&#x627;&#x634;&#x64A;&#x647; &#x62D;&#x633;&#x64A;&#x646; &#x645;&#x624;&#x646;&#x633;.</subfield>
  </datafield>
  <datafield tag="246" ind1="3" ind2="0">
    <subfield code="a">&#x627;&#x644;&#x62D;&#x644;&#x629; &#x627;&#x644;&#x633;&#x64A;&#x631;&#x627;&#x621;</subfield>
  </datafield>
  <datafield tag="250" ind1=" " ind2=" ">
    <subfield code="a">&#x627;&#x644;&#x637;&#x628;&#x639;&#x629; &#x627;&#x644;&#x62B;&#x627;&#x646;&#x64A;&#x629;.</subfield>
  </datafield>
  <datafield tag="264" ind1=" " ind2="1">
    <subfield code="a">&#x627;&#x644;&#x642;&#x627;&#x647;&#x631;&#x629; :</subfield>
    <subfield code="b">&#x62F;&#x627;&#x631; &#x627;&#x644;&#x645;&#x639;&#x627;&#x631;&#x641;&#x60C;</subfield>
    <subfield code="c">1985</subfield>
  </datafield>
  <datafield tag="300" ind1=" " ind2=" ">
    <subfield code="a">2 &#x645;&#x62C;&#x644;&#x62F; &#x61B;</subfield>
    <subfield code="c">24 &#x633;&#x645;.</subfield>
  </datafield>
  <datafield tag="336" ind1=" " ind2=" ">
    <subfield code="a">&#x646;&#x635;</subfield>
    <subfield code="b">txt</subfield>
    <subfield code="2">rdacontent</subfield>
    <subfield code="3">&#x643;&#x62A;&#x627;&#x628;</subfield>
  </datafield>
  <datafield tag="337" ind1=" " ind2=" ">
    <subfield code="a">&#x628;&#x62F;&#x648;&#x646; &#x648;&#x633;&#x64A;&#x637;</subfield>
    <subfield code="b">n</subfield>
    <subfield code="2">rdamedia</subfield>
  </datafield>
  <datafield tag="338" ind1=" " ind2=" ">
    <subfield code="a">&#x645;&#x62C;&#x644;&#x62F;</subfield>
    <subfield code="b">nc</subfield>
    <subfield code="2">rdacarrier</subfield>
  </datafield>
  <datafield tag="490" ind1="0" ind2=" ">
    <subfield code="a">&#x630;&#x62E;&#x627;&#x626;&#x631; &#x627;&#x644;&#x639;&#x631;&#x628; &#x61B;</subfield>
    <subfield code="v">58</subfield>
  </datafield>
  <datafield tag="500" ind1=" " ind2=" ">
    <subfield code="a">&#x64A;&#x634;&#x62A;&#x645;&#x644; &#x639;&#x644;&#x649; &#x643;&#x634;&#x627;&#x641;&#x627;&#x62A;.</subfield>
  </datafield>
  <datafield tag="505" ind1="0" ind2=" ">
    <subfield code="a">&#x627;&#x644;&#x645;&#x62D;&#x62A;&#x648;&#x64A;&#x627;&#x62A; : &#x645;&#x62C;&#x644;&#x62F; 1. &#x64A;&#x636;&#x645; &#x62A;&#x631;&#x627;&#x62C;&#x645; &#x623;&#x647;&#x644; &#x627;&#x644;&#x645;&#x626;&#x627;&#x62A; &#x627;&#x644;&#x623;&#x648;&#x644;&#x649; &#x648;&#x627;&#x644;&#x62B;&#x627;&#x646;&#x64A;&#x629; &#x648;&#x627;&#x644;&#x62B;&#x627;&#x644;&#x62B;&#x629; &#x648;&#x627;&#x644;&#x631;&#x627;&#x628;&#x639;&#x629;- &#x645;&#x62C;&#x644;&#x62F; 2. &#x64A;&#x636;&#x645; &#x62A;&#x631;&#x627;&#x62C;&#x645; &#x623;&#x647;&#x644; &#x627;&#x644;&#x645;&#x626;&#x627;&#x62A; &#x627;&#x644;&#x62E;&#x627;&#x645;&#x633;&#x629; &#x648;&#x627;&#x644;&#x633;&#x627;&#x62F;&#x633;&#x629; &#x648;&#x627;&#x644;&#x633;&#x627;&#x628;&#x639;&#x629; &#x648;&#x645;&#x646; &#x644;&#x645; &#x64A;&#x624;&#x62B;&#x631; &#x639;&#x646;&#x647;&#x645; &#x634;&#x639;&#x631;&#x627;.</subfield>
  </datafield>
  <datafield tag="651" ind1=" " ind2="7">
    <subfield code="a">&#x627;&#x644;&#x623;&#x646;&#x62F;&#x644;&#x633;</subfield>
    <subfield code="v">&#x62A;&#x631;&#x627;&#x62C;&#x645;</subfield>
    <subfield code="2">aucsh</subfield>
  </datafield>
  <datafield tag="651" ind1=" " ind2="7">
    <subfield code="a">&#x627;&#x644;&#x645;&#x63A;&#x631;&#x628; &#x627;&#x644;&#x639;&#x631;&#x628;&#x64A;</subfield>
    <subfield code="v">&#x62A;&#x631;&#x627;&#x62C;&#x645;</subfield>
    <subfield code="2">aucsh</subfield>
  </datafield>
  <datafield tag="651" ind1=" " ind2="7">
    <subfield code="a">&#x627;&#x644;&#x628;&#x644;&#x627;&#x62F; &#x627;&#x644;&#x639;&#x631;&#x628;&#x64A;&#x629;</subfield>
    <subfield code="v">&#x62A;&#x631;&#x627;&#x62C;&#x645;</subfield>
    <subfield code="2">aucsh</subfield>
  </datafield>
  <datafield tag="700" ind1="1" ind2=" ">
    <subfield code="a">&#x645;&#x624;&#x646;&#x633;&#x60C; &#x62D;&#x633;&#x64A;&#x646;&#x60C;</subfield>
    <subfield code="d">1911-1996</subfield>
    <subfield code="e">&#x645;&#x62D;&#x642;&#x642;.</subfield>
  </datafield>
  <datafield tag="700" ind1="1" ind2="2">
    <subfield code="i">&#x62A;&#x62D;&#x642;&#x64A;&#x642; &#x644;&#x640; (&#x639;&#x645;&#x644;) :</subfield>
    <subfield code="a">&#x627;&#x628;&#x646; &#x627;&#x644;&#x623;&#x628;&#x627;&#x631;&#x60C; &#x645;&#x62D;&#x645;&#x62F; &#x628;&#x646; &#x639;&#x628;&#x62F; &#x627;&#x644;&#x644;&#x647; &#x628;&#x646; &#x623;&#x628;&#x64A; &#x628;&#x643;&#x631;&#x60C;</subfield>
    <subfield code="d">595-658 &#x647;&#x62C;&#x631;&#x64A;.</subfield>
    <subfield code="t">&#x627;&#x644;&#x62D;&#x644;&#x629; &#x627;&#x644;&#x633;&#x64A;&#x631;&#x627;&#x621;.</subfield>
  </datafield>
  <datafield tag="942" ind1=" " ind2=" ">
    <subfield code="2">ddc</subfield>
    <subfield code="c">BOOK</subfield>
    <subfield code="n">0</subfield>
  </datafield>
  <datafield tag="949" ind1=" " ind2=" ">
    <subfield code="a">SA-JeALM</subfield>
    <subfield code="d">250412</subfield>
    <subfield code="u">osman123</subfield>
    <subfield code="n">1</subfield>
  </datafield>
  <datafield tag="952" ind1=" " ind2=" ">
    <subfield code="0">0</subfield>
    <subfield code="1">0</subfield>
    <subfield code="2">ddc</subfield>
    <subfield code="3">&#x627;&#x644;&#x62C;&#x632;&#x621; &#x627;&#x644;&#x627;&#x648;&#x644;</subfield>
    <subfield code="4">0</subfield>
    <subfield code="7">0</subfield>
    <subfield code="a">WAHAB</subfield>
    <subfield code="b">WAHAB</subfield>
    <subfield code="d">2025-04-13</subfield>
    <subfield code="l">0</subfield>
    <subfield code="o">920.0468  &#x627; &#x628; &#x646; &#x627;</subfield>
    <subfield code="p">000011612</subfield>
    <subfield code="r">2025-04-13 06:40:30</subfield>
    <subfield code="w">2025-04-13</subfield>
    <subfield code="y">BOOK</subfield>
  </datafield>
  <datafield tag="952" ind1=" " ind2=" ">
    <subfield code="0">0</subfield>
    <subfield code="1">0</subfield>
    <subfield code="2">ddc</subfield>
    <subfield code="3">&#x627;&#x644;&#x62C;&#x632;&#x621; &#x627;&#x644;&#x62B;&#x627;&#x646;&#x64A;</subfield>
    <subfield code="4">0</subfield>
    <subfield code="7">0</subfield>
    <subfield code="a">WAHAB</subfield>
    <subfield code="b">WAHAB</subfield>
    <subfield code="d">2025-04-13</subfield>
    <subfield code="l">0</subfield>
    <subfield code="o">920.0468  &#x627; &#x628; &#x646; &#x627;</subfield>
    <subfield code="p">000011613</subfield>
    <subfield code="r">2025-04-13 06:40:30</subfield>
    <subfield code="w">2025-04-13</subfield>
    <subfield code="y">BOOK</subfield>
  </datafield>
  <datafield tag="999" ind1=" " ind2=" ">
    <subfield code="c">6944</subfield>
    <subfield code="d">6944</subfield>
  </datafield>
</record>
